Programy podpory rozvoja malých a stredných podnikov v cestovnom ruchu bakalárska práca

Salvato in:
Dettagli Bibliografici
Autore principale: Kučerová, Michaela
Ente Autore: Fakulta podnikového manažmentu EU. Katedra podnikovohospodárska
Altri autori: Blatnický, Dobroslav, 1972-
Natura: Libro
Lingua:slovacco
Pubblicazione: Bratislava 2009
Tags: Aggiungi Tag
Nessun Tag, puoi essere il primo ad aggiungerne!!

MARC

LEADER 00000nam$a2200000$$$4500
001 0102015
005 20240319130301.0
041 0 |a slo 
044 |a SK 
245 1 0 |a Programy podpory rozvoja malých a stredných podnikov v cestovnom ruchu  |b bakalárska práca  |c Michaela Kučerová ; škol. Dobroslav Blatnický 
264 1 |a Bratislava  |c 2009 
300 |a 41 s. 
100 1 |a Kučerová, Michaela 
700 1 |a Blatnický, Dobroslav, 1972- 
710 2 |a Fakulta podnikového manažmentu EU. Katedra podnikovohospodárska